00489nam a2200193 a 4500001001300000003000900013005001700022008004100039020001200080082001600092100002000108245002300128260003800151300000900189500003500198505001000233650003200243700002000275nice12345678IN_TiNIC20260116011403.0050524s1947 lona grp 000 0 eng  ac844.200a915.35bOSH aO`Shea, Raymond aSand Kings of Oman aLondonbMethuen and Companyc1947 a209p aincludes index and biblioraphy2 aIndex aOman-Description and Travel1 aO`Shea, Raymond